| 000 | 00413nam a2200169Ia 4500 | ||
|---|---|---|---|
| 008 | 230524s9999 xx 000 0 und d | ||
| 020 | _a8185594317 | ||
| 082 |
_a604.2 _bBHA |
||
| 100 |
_aN.D.Bhatt and V.M. Panchal _911243 |
||
| 245 | 0 | _aMachine Drawing | |
| 250 | _a39TH | ||
| 260 |
_aNEW DELHI _bCharoter _c2004 |
||
| 300 | _aXVI;350 | ||
| 500 | _aQuantity Number: 21 | ||
| 650 | _aMechanics | ||
| 942 | _cBK | ||
| 999 |
_c15636 _d15636 |
||